00985nam a2200241 a 4500001001000000005001700010008004100027020001600068041000800084044000800092050002100100100002400121245014700145260004600292300004100338500011800379504004100497600004900538600004200587650006000629650002600689700002800715BRCA_373720190320204414.0040507s2002 nyua---##b---#000-0#eng-d a18925350902 aeng anyu 4aTR395b.K73 20021 aKraus, Hans P.cJr.10aSun PicturesbCatalogue Eleven : St. Andrews and Early Scottish Photography Including Hill & AdamsoncHans P. Kraus ; text by Larry J. Schaaf. aNew YorkbHans P. Kraus, Jr., Inc.cc2002 a87 p.bil. (algunas a color)c28 cm. aCatálogo de la exposición realizada en la Galería Hans P. Kraus, Jr., Inc., 21 octubre - 15 noviembre, 2002 aIncluye referencias bibliográficas14aHill, David Octaviusd1802-1870vCatálogos14aAdamson, Johnd1809-1870vCatálogos14aFotografíavCatálogosxHistoriaySiglo XIXzEscocia14aCalotipovCatálogos1 aSchaaf, Larry J.d1947-